000 00286nam a2200133Ia 4500
100 _aSchildt/ H.
942 _cRB
654 _aWindows
245 _aWindows Programming Vol III
260 _bOsborne Mc graw Hill
_aBerkley
_c1994
300 _a874
546 _aENGLISH
999 _c27384
_d27384